000 00611nam a22002057a 4500
005 20250926120054.0
010 _aENG-146869
020 _a9789369589838
_c799.00
035 _aEN-130401
037 _bDBAD
082 _23
_a000
100 _aSharma, Priyanka
_985226
245 _aNTA UGC Education Paper 2/
_cPriyanka Sharma
250 _a3
260 _aUttar Pradesh
_bS. Chand Publishing
_c2025
270 _aD-92, Sector-2, Noida
_bUttar Pradesh
_e201301
_k61-120-4682700
300 _avpp.
_c27cm(pb)
500 _aNET/SET/JRF/Ph.D | 2025 - 2026
942 _2ddc
_cEN
_mNTA
_h000
999 _c213475
_d213475